Komentár k zákonu o zálohovaní jednorazových obalov na nápoje (4.)

Príspevok sa venuje § 4 zákona č. 302/2019 Z. z. o zálohovaní jednorazových obalov na nápoje a o zmene a doplnení niektorých zákonov v z.n.p., ktorého predmetom sú povinnosti výrobcu obalov.

Salvato in:
Dettagli Bibliografici
Autore principale: Švedlárová, Gabriela
Natura: Capitolo di libro
Lingua:slovacco
Soggetti:
Tags: Aggiungi Tag
Nessun Tag, puoi essere il primo ad aggiungerne!!

MARC

LEADER 00000naa a2200000 4500
001 0290781
005 20240417075224.3
041 0 |a slo 
044 |a SK 
245 1 0 |a Komentár k zákonu o zálohovaní jednorazových obalov na nápoje (4.)  |c Gabriela Švedlárová 
520 |a Príspevok sa venuje § 4 zákona č. 302/2019 Z. z. o zálohovaní jednorazových obalov na nápoje a o zmene a doplnení niektorých zákonov v z.n.p., ktorého predmetom sú povinnosti výrobcu obalov. 
610 2 0 |a legislatíva 
610 2 0 |a nápoje alkoholické 
610 2 0 |a nápoje nealkoholické 
610 2 0 |a obaly 
610 2 0 |a právo 
610 2 0 |a výrobcovia 
610 2 0 |a zákony 
100 1 |a Švedlárová, Gabriela